Statistics for MLB AVG leaders 1990-present

Click here to take the quiz!

General Stats

  • This quiz has been taken 10 times
  • The average score is 24 of 63

Answer Stats

TeamAVGAnswer% Correct
NYY.310Derek Jeter
88%
SEA.313Edgar Martinez
88%
HOU*.307Jose Altuve
88%
BOS.312Manny Ramirez
88%
MON.318Vladimir Guerrero
88%
SFG.310Barry Bonds
75%
MIN.301Brian Harper
75%
SFG.302Buster Posey
75%
SEA.311Ichiro Suzuki
75%
MIN.306Joe Mauer
75%
COL.314Larry Walker
75%
DET*.308Miguel Cabrera
75%
COL.316Todd Helton
75%
SDP.343Tony Gwynn
75%
TOR*.300Bo Bichette
63%
COL.301Dante Bichette
63%
CHW.301Frank Thomas
63%
TEX.297Juan Gonzalez
63%
MIN.312Kirby Puckett
63%
BOS.313Nomar Garciaparra
63%
BOS.304Wade Boggs
63%
NYY.297Bernie Williams
50%
ATL.303Chipper Jones
50%
CIN*.297Joey Votto
50%
CHW.309Magglio Ordonez
50%
NYY*.297DJ LeMahieu
38%
LAD*.299Freddie Freeman
38%
HOU.297Jeff Bagwell
38%
LAA.303Mike Trout
38%
MIL.313Paul Molitor
38%
TOR.303Roberto Alomar
38%
PHI*.302Trea Turner
38%
COL*.297Charlie Blackmon
25%
BOS.299Dustin Pedroia
25%
NYM*.305Jeff McNeil
25%
CLE.299Kenny Lofton
25%
MIA*.320Luis Arraez
25%
COL.299Matt Holliday
25%
TEX.300Michael Young
25%
LAD.308Mike Piazza
25%
MON.303Moises Alou
25%
NYY.301Robinson Cano
25%
SFG.303Will Clark
25%
CLE.298Albert Belle
13%
PIT.297Freddy Sanchez
13%
CIN.305Hal Morris
13%
PHI.306John Kruk
13%
MON.298Jose Vidro
13%
CHC.303Mark Grace
13%
HOU*.298Michael Brantley
13%
TEX.305Rusty Greer
13%
CIN.302Sean Casey
13%
LAD.301Brett Butler
0%
PIT.303Don Slaught
0%
PHI.297Jim Eisenreich
0%
TEX.298Julio Franco
0%
PHI.298Lenny Dykstra
0%
KCR.297Mike Sweeney
0%
DET.297Placido Polanco
0%
BOS.300Reggie Jefferson
0%
MIN.307Shane Mack
0%
TOR.297Shannon Stewart
0%
STL.297Willie McGee
0%

Score Distribution

Percentile by Number Answered

Percent of People with Each Score

Your Score History

You have not taken this quiz